[Event "GER North-chT U16"]
[Site "Magdeburg"]
[Date "2006.08.26"]
[Round "1.1"]
[White "Pannier, Lukas"]
[Black "Bounine, Daniel"]
[Result "0-1"]
[WhiteElo "911"]
[BlackElo "1204"]
[PlyCount "60"]
[EventDate "2006.08.26"]
[EventType "team"]
[EventRounds "7"]
[EventCountry "GER"]
[SourceTitle "EXT 2007"]
[Source "ChessBase"]
[SourceDate "2006.11.23"]
[SourceVersion "1"]
[SourceVersionDate "2006.11.23"]
[SourceQuality "1"]

1. e4 c5 2. Nf3 Nc6 3. d4 cxd4 4. Nxd4 a6 5. Nc3 e6 6. Be2 Bc5 7. Be3 Qb6 8. Nxc6 Bxe3 9. fxe3 bxc6 10. Qc1 Ne7 11. 0-0 Rb8 12. b3 Qb4 13. Qb2 Qc5 14. Rf3 0-0 15. Rg3 Ng6 16. h4 h6 17. h5 Qd6 18. Rg4 Ne5 19. Rg3 Nc4 20. Bxc4 Qxg3 21. Rf1 Qxe3+ 22. Kh2 d5 23. Rf3 Qg5 24. Nxd5 cxd5 25. Rg3 Qh4+ 26. Rh3 Qf4+ 27. Rg3 f6 28. exd5 Qxc4 29. Qc1 Qh4+ 30. Rh3 Qg5 0-1

[Event "GER-ch U10"]
[Site "Willingen"]
[Date "2006.06.09"]
[Round "9"]
[White "Pannier, Lukas"]
[Black "Hirschmann, Jakob"]
[Result "1/2-1/2"]
[WhiteElo "994"]
[BlackElo "1042"]
[PlyCount "42"]
[EventDate "2006.06.04"]
[EventType "swiss"]
[EventRounds "11"]
[EventCountry "GER"]
[SourceTitle "EXT 2007"]
[Source "ChessBase"]
[SourceDate "2006.11.23"]
[SourceVersion "1"]
[SourceVersionDate "2006.11.23"]
[SourceQuality "1"]

1. e4 e5 2. Nf3 Nf6 3. Nxe5 Qe7 4. Nf3 Nxe4 5. Qe2 d5 6. Nc3 Nxc3 7. Qxe7+ Bxe7 8. dxc3 0-0 9. Bd3 c5 10. c4 d4 11. 0-0 Nc6 12. c3 dxc3 13. bxc3 Bg4 14. Re1 Bxf3 15. gxf3 Rad8 16. Bc2 Bf6 17. Bb2 Ne5 18. Re4 Nxf3+ 19. Kg2 Nh4+ 20. Kg1 Nf3+ 21. Kh1 Rd2 1/2-1/2

[Event "GER-ch U10"]
[Site "Willingen"]
[Date "2006.06.09"]
[Round "10"]
[White "Pannier, Lukas"]
[Black "Kuckling, Hannah"]
[Result "0-1"]
[WhiteElo "994"]
[BlackElo "876"]
[PlyCount "108"]
[EventDate "2006.06.04"]
[EventType "swiss"]
[EventRounds "11"]
[EventCountry "GER"]
[SourceTitle "EXT 2007"]
[Source "ChessBase"]
[SourceDate "2006.11.23"]
[SourceVersion "1"]
[SourceVersionDate "2006.11.23"]
[SourceQuality "1"]

1. e4 c5 2. Nf3 d6 3. d4 cxd4 4. Nxd4 Nf6 5. Nc3 g6 6. Be2 Bg7 7. 0-0 0-0 8. Be3 Bd7 9. Kh1 e5 10. Nb3 Qc7 11. f4 exf4 12. Bxf4 Nc6 13. Qe1 Rfe8 14. Bd3 h6 15. Bxh6 Bxh6 16. Rxf6 Bg7 17. Rf1 Nb4 18. Qf2 Be6 19. a3 Nxd3 20. cxd3 Bxb3 21. Nd5 Bxd5 22. exd5 Re7 23. Rac1 Qd7 24. h3 Qf5 25. Qxf5 gxf5 26. Rxf5 Bxb2 27. Rcf1 Rae8 28. R1f4 Re1+ 29. Kh2 Be5 30. Rxf7 Bxf4+ 31. Rxf4 Kg7 32. Rb4 Rf8 33. Rxb7+ Rf7 34. Rb4 Re2 35. Rg4+ Kf8 36. h4 Re5 37. Kg3 Rg7 38. Rxg7 Kxg7 39. Kg4 Kg6 40. g3 Rxd5 41. Kh3 Rxd3 42. a4 Ra3 43. a5 d5 44. Kg4 Ra4+ 45. Kh3 d4 46. g4 Ra3+ 47. Kg2 Ra1 48. h5+ Kh6 49. Kg3 d3 50. Kh4 Rxa5 51. Kg3 d2 52. Kh4 d1Q 53. Kh3 Ra4 54. Kh4 Qxg4# 0-1

[Event "GER-ch U10"]
[Site "Willingen"]
[Date "2006.06.07"]
[Round "8"]
[White "Schumacher, Wendy"]
[Black "Pannier, Lukas"]
[Result "1-0"]
[WhiteElo "880"]
[BlackElo "994"]
[PlyCount "73"]
[EventDate "2006.06.04"]
[EventType "swiss"]
[EventRounds "11"]
[EventCountry "GER"]
[SourceTitle "EXT 2007"]
[Source "ChessBase"]
[SourceDate "2006.11.23"]
[SourceVersion "1"]
[SourceVersionDate "2006.11.23"]
[SourceQuality "1"]

1. d4 d5 2. c3 e6 3. Nf3 Nf6 4. Bf4 Be7 5. e3 0-0 6. Nbd2 b6 7. Bd3 Nbd7 8. 0-0 Bb7 9. Qc2 c5 10. b3 cxd4 11. exd4 Rc8 12. a3 Re8 13. Rfe1 a5 14. Ng5 Nf8 15. Be5 Ng6 16. Bxg6 fxg6 17. Nxe6 Qd7 18. Ng5 Bd6 19. Ndf3 Ng4 20. h3 Nf6 21. Nh4 Re7 22. Re2 Rce8 23. Ngf3 Ba6 24. c4 dxc4 25. bxc4 Rc8 26. Nd2 Qe8 27. Rae1 Bxa3 28. Qa2 Bd6 29. c5+ Re6 30. d5 Rxe5 31. Rxe5 Bxe5 32. Nhf3 Rxc5 33. Rxe5 Rc1+ 34. Kh2 Qd8 35. d6+ Kf8 36. Ng5 Qd7 37. Re7 1-0

[Event "GER-ch U10"]
[Site "Willingen"]
[Date "2006.06.05"]
[Round "5"]
[White "Puffay, Jana"]
[Black "Pannier, Lukas"]
[Result "1-0"]
[WhiteElo "733"]
[BlackElo "994"]
[PlyCount "73"]
[EventDate "2006.06.04"]
[EventType "swiss"]
[EventRounds "11"]
[EventCountry "GER"]
[SourceTitle "EXT 2007"]
[Source "ChessBase"]
[SourceDate "2006.11.23"]
[SourceVersion "1"]
[SourceVersionDate "2006.11.23"]
[SourceQuality "1"]

1. e4 e5 2. Nf3 Nc6 3. Bc4 Nf6 4. Nc3 Nxe4 5. Nxe4 d5 6. Bxd5 Qxd5 7. d3 Bf5 8. 0-0 Bxe4 9. dxe4 Qxe4 10. Re1 Qf5 11. Qd5 Bd6 12. Bd2 0-0 13. Rad1 Rad8 14. Qc4 Rd7 15. Qb5 Rfd8 16. Qxb7 Bb4 17. Qxc6 h6 18. Rxe5 Qf6 19. Qxf6 gxf6 20. Re2 Kf8 21. Bxb4+ Kg7 22. Rxd7 Rxd7 23. h4 Kg6 24. Re7 Rd1+ 25. Kh2 Kf5 26. c4 Kg4 27. c5 Rf1 28. Ne1 Rxf2 29. c6 Kxh4 30. Rxc7 a5 31. Bxa5 f5 32. Rc8 f4 33. c7 f3 34. Nxf3+ Kg4 35. Ne5+ Kf5 36. Re8 f6 37. c8Q+ 1-0

[Event "GER-ch U10"]
[Site "Willingen"]
[Date "2005.05.21"]
[Round "11"]
[White "Sommer, Celin"]
[Black "Pannier, Lukas"]
[Result "1-0"]
[WhiteElo "1162"]
[BlackElo "948"]
[PlyCount "119"]
[EventDate "2005.05.14"]
[EventType "swiss"]
[EventRounds "11"]
[EventCountry "GER"]
[SourceTitle "CBM 106 Extra"]
[Source "ChessBase"]
[SourceDate "2005.07.01"]
[SourceVersion "1"]
[SourceVersionDate "2005.07.01"]
[SourceQuality "1"]

1. e4 e5 2. f4 Qh4+ 3. g3 Qe7 4. Nc3 c6 5. Nf3 d6 6. d3 Nd7 7. Qd2 Ngf6 8. b3 g6 9. Ba3 Bg7 10. 0-0-0 0-0 11. Bh3 Nb6 12. Qg2 Bd7 13. Rhe1 Rad8 14. fxe5 Bh6+ 15. Kb2 Nh5 16. Bxd6 Qe8 17. Bxf8 Qxf8 18. Rf1 Rb8 19. Bxd7 Nxd7 20. h4 a5 21. Ng5 Nxe5 22. d4 Ng4 23. d5 Ne3 24. Qe2 Nxd1+ 25. Qxd1 Bxg5 26. hxg5 Nxg3 27. Rf3 Nf5 28. exf5 Rd8 29. fxg6 hxg6 30. Qd4 Rd6 31. Rh3 Qg7 32. Qxg7+ Kxg7 33. dxc6 Rxc6 34. Rd3 Rc5 35. Rd7 Rxg5 36. Rxb7 Rh5 37. a3 g5 38. Ne4 g4 39. b4 axb4 40. axb4 Re5 41. Ng3 Re3 42. Nf5+ Kg6 43. Nxe3 g3 44. Rb8 Kg5 45. Rg8+ Kf4 46. b5 f5 47. Nxf5 Kxf5 48. Rxg3 Ke6 49. Rc3 Kd7 50. b6 Kd8 51. b7 Kd7 52. b8R Kd6 53. Rd8+ Ke7 54. Rd1 Ke6 55. Re3+ Kf5 56. Rf1+ Kg4 57. Re8 Kg3 58. Rg8+ Kh2 59. Rf7 Kh3 60. Rh7# 1-0

[Event "GER-ch U10"]
[Site "Willingen"]
[Date "2005.05.20"]
[Round "10"]
[White "Pannier, Lukas"]
[Black "Spilke, Paul"]
[Result "1-0"]
[WhiteElo "948"]
[BlackElo "893"]
[PlyCount "93"]
[EventDate "2005.05.14"]
[EventType "swiss"]
[EventRounds "11"]
[EventCountry "GER"]
[SourceTitle "CBM 106 Extra"]
[Source "ChessBase"]
[SourceDate "2005.07.01"]
[SourceVersion "1"]
[SourceVersionDate "2005.07.01"]
[SourceQuality "1"]

1. e4 e5 2. Nf3 Nc6 3. Bc4 Nf6 4. Nc3 Bc5 5. 0-0 d6 6. h3 0-0 7. d3 h6 8. Be3 Bb6 9. Qd2 Bd7 10. Rfe1 Re8 11. Rad1 Qe7 12. Bxh6 gxh6 13. Qxh6 Nh7 14. Kh2 Qf6 15. Qxf6 Nxf6 16. Ng5 Be6 17. Bxe6 d5 18. Bxf7+ Kg7 19. Bxe8 Rxe8 20. exd5 Nb4 21. Rd2 Nfxd5 22. Nxd5 Nxd5 23. Rde2 Nb4 24. Rxe5 Rxe5 25. Rxe5 Bxf2 26. g3 Bd4 27. Re6 Bxb2 28. h4 Nxa2 29. h5 Kg8 30. h6 Bg7 31. Re8+ Bf8 32. h7+ Kg7 33. Ne6+ Kxh7 34. Nxf8+ Kh6 35. Ne6 Kh5 36. Rh8+ Kg4 37. Rg8+ Kh5 38. g4+ Kh4 39. g5 Kh5 40. g6 Kh6 41. g7 Kh7 42. Rh8+ Kg6 43. g8Q+ Kf6 44. Rh6+ Kf5 45. Qf8+ Kg4 46. Rg6+ Kh5 47. Qh6# 1-0

[Event "GER-ch U10"]
[Site "Willingen"]
[Date "2005.05.18"]
[Round "7"]
[White "Pannier, Lukas"]
[Black "Scheel, Henrik"]
[Result "0-1"]
[WhiteElo "948"]
[BlackElo "986"]
[PlyCount "50"]
[EventDate "2005.05.14"]
[EventType "swiss"]
[EventRounds "11"]
[EventCountry "GER"]
[SourceTitle "CBM 106 Extra"]
[Source "ChessBase"]
[SourceDate "2005.07.01"]
[SourceVersion "1"]
[SourceVersionDate "2005.07.01"]
[SourceQuality "1"]

1. e4 e5 2. Nf3 Nc6 3. Bc4 Bc5 4. 0-0 Nf6 5. Nc3 0-0 6. d3 h6 7. Bd2 d6 8. h3 Be6 9. Bb3 Qd7 10. Bxe6 fxe6 11. Qc1 Kh7 12. Re1 a6 13. a3 Bd4 14. Rb1 Qf7 15. Bg5 Bb6 16. b4 Nd4 17. Bxh6 gxh6 18. Nd2 Nh5 19. Nd1 Nxc2 20. Qxc2 Bxf2+ 21. Nxf2 Qxf2+ 22. Kh1 Nf4 23. Rg1 Rg8 24. g3 Rxg3 25. Rxg3 Qxg3 0-1